Duchovní tvůrčí síla : záhada života a umění žíti : [lidovýchovné úvahy] /

Hlavní autor: Ruskin, John, 1819-1900
Jazyk: Čeština
Vydáno: Královské Vinohrady : Sfinx, 1921
Edice: Gong (Sfinx)
Nové cíle (Sfinx)
Fyzický popis: 86 s. ; 8°
Knihy
Uloženo v:
LEADER 00874nam a22002652a 4500
001 000801834
003 CZ BrMZK
005 20210810112435.0
007 ta
008 051215s1921 xr er|||||||||||cze d
015 |a cnb000293626 
040 |a ABA001  |b cze  |c KLG001  |d ABA001  |d BOA001 
041 1 |a cze  |h eng 
100 1 |a Ruskin, John,  |d 1819-1900  |7 jn19990007258  |4 aut 
245 1 0 |a Duchovní tvůrčí síla :  |b záhada života a umění žíti : [lidovýchovné úvahy] /  |c John Ruskin ; přel. M. Lešehrad 
260 |a Královské Vinohrady :  |b Sfinx,  |c 1921 
300 |a 86 s. ;  |c 8° 
490 1 |a Gong ;  |v 4 
490 1 |a Nové cíle ;  |v 43 
830 0 |a Gong (Sfinx)  |0 s 
830 0 |a Nové cíle (Sfinx)  |0 s 
910 |a BOA001  |b 1-0455.042 
990 |a BK 
991 |b 200512 
996 6 |b 2619223439  |c 1-0455.042  |l MZK  |r Sklad / do 1 hodiny  |n 22  |w 000801834  |u 000010  |a 1  |e BOA001  |j MZK50  |s P